Три века Петербургского университета

Dettagli Bibliografici
Autore principale: Ростовцев Е. А. Евгений Анатольевич
Ente Autore: Санкт-Петербургский государственный университет (570)
Altri autori: Тихонов И. Л. Игорь Львович
Riassunto:Книга посвящена 300-летию Санкт-Петербургского университета. Авторов волновали вопросы, которые традиционно занимают историков, обращающихся к этой теме: становление университетской корпорации, связь между разными этапами университетской истории, отношения университета и власти, а также студентов и профессоров, роль университета в городском пространстве, связи ц отношения с Академией наук и другими институтами высшей школы и мн. др. Дан системный обзор основных этапов и событий в указанное время. Представлен обширный иллюстративный материал. Особого внимания заслуживает подробный список источников и литературы. Издание адресовано широкому кругу читателей, интересующихся историей российской науки и высшей школы.
Lingua:russo
Pubblicazione: Санкт-Петербург, Изд-во Санкт-Петербургского ун-та, 2024
Soggetti:
Natura: MixedMaterials Libro
KOHA link:https://koha.lib.tpu.ru/cgi-bin/koha/opac-detail.pl?biblionumber=682692

MARC

LEADER 00000nam0a2200000 4500
001 682692
005 20251205131344.0
010 |a 978-5-288-06400-5 
090 |a 682692 
100 |a 20251030d2024 km|y0rusy50 ca 
101 0 |a rus 
102 |a RU 
105 |a ac z 001yy 
181 0 |a i   |b  e  
182 0 |a n 
183 0 |a nc  |2 RDAcarrier 
200 1 |a Три века Петербургского университета  |f Е. А. Ростовцев, И. Л. Тихонов  |g Санкт-Петербургский государственный университет 
203 |a Текст  |b визуальный  |c непосредственный 
210 |a Санкт-Петербург  |c Изд-во Санкт-Петербургского ун-та  |d 2024 
215 |a 463 с.  |c ил. 
283 |a volume  |2 RDAcarrier 
320 |a Список источников литературы: с. 422-450 
320 |a Список иллюстраций: с. 451-460 
320 |a Список сокращений: с. 461-463 
330 |a Книга посвящена 300-летию Санкт-Петербургского университета. Авторов волновали вопросы, которые традиционно занимают историков, обращающихся к этой теме: становление университетской корпорации, связь между разными этапами университетской истории, отношения университета и власти, а также студентов и профессоров, роль университета в городском пространстве, связи ц отношения с Академией наук и другими институтами высшей школы и мн. др. Дан системный обзор основных этапов и событий в указанное время. Представлен обширный иллюстративный материал. Особого внимания заслуживает подробный список источников и литературы. Издание адресовано широкому кругу читателей, интересующихся историей российской науки и высшей школы. 
601 0 2 |a Санкт-Петербургский государственный университет  |c (1991- )  |9 23165 
606 |a Университеты  |9 80100 
610 1 |a высшее обьразование 
610 1 |a Россия 
610 1 |a история 
610 1 |a Петровский университет 
610 1 |a Императорский университет 
610 1 |a Ленинградский государственный университет 
610 1 |a 18 век 
610 1 |a 19 век 
610 1 |a 20 век 
610 1 |a 21 век 
610 1 |a профессора 
610 1 |a студенты 
610 1 |a наука 
610 1 |a университетская корпорация 
610 1 |a преподаватели 
610 1 |a ученые 
610 1 |a научные исследования 
610 1 |a библиотека 
610 1 |a Великая Отечественная война 
610 1 |a воспоминания 
610 1 |a дневники 
686 |2 rubbk  |a Ч484(2)71 
700 1 |a Ростовцев  |b Е. А.   |g Евгений Анатольевич 
701 1 |a Тихонов  |b И. Л.  |g Игорь Львович 
712 0 2 |a Санкт-Петербургский государственный университет  |c (1991- )  |9 23165  |4 570 
801 0 |c 20251105  |a RU  |b 63413507 
942 |c BK